| 000 | 00983 a2200205 4500 | ||
|---|---|---|---|
| 001 | 23878 | ||
| 005 | 20260407155525.0 | ||
| 008 | 260407a1981 arg spa d | ||
| 003 | AR-UNSa-BCEJYS | ||
| 040 |
_aAR-UNSa-BCEJYS _bspa _cAR-UNSa-BCEJYS |
||
| 080 |
_a51-7 _xEstudios y métodos matemáticos en otros campos del conocimiento. Matemáticas científicas. Matemáticas actuariales (Matemáticas Financieras) |
||
| 245 | 1 | 0 | _aTratado de cálculo financiero |
| 264 | 1 |
_aBuenos Aires : _bTesis _c1981 |
|
| 300 |
_a921 p. _c27 cm. |
||
| 505 | _a1. Operaciones financieras - 2. Operaciones financieras simples - 3. Operaciones complejas - 4. Constitución de capitales - 5. Reembolso de préstamos - 6. Empréstitos - 7. Empréstitos argentinos - 8. Valores mobiliarios-fondos de inversión - 9. Amortización de equipos - 10. Operaciones de capitalización | ||
| 942 | _cBK | ||
| 590 | _aniveau_biblio:m niveau_hierar:0 | ||
| 100 | 1 | _aMurioni, Oscar | |
| 700 | 1 | _aTrossero, Angel A. | |
| 999 |
_c1141 _d1141 |
||